| 000 | 00932cam a22002055a 4500 | ||
|---|---|---|---|
| 001 | L155187 | ||
| 008 | 120308s2012 xxk f 000 0 eng d | ||
| 035 | _a(Sirsi) u155187 | ||
| 041 | 0 | _aeng | |
| 110 | 2 |
_aUnited Kingdom _bDepartment for Environment, Food and Rural Affairs |
|
| 245 | 0 | 0 | _aUK's Carbon Footprint 1990 - 2009 |
| 260 |
_aLondon _bDEFRA _c2012 |
||
| 520 | _aOfficial data for UK's carbon footprint for the years 1990 to 2009. The recent fall in carbon dioxide is continuing with a decrease of 9% between 2008 and 2009. However there was a rise of 35% between 1995 and 2005 leaving the footprint in 2009 some 20% higher than it was in 1990. | ||
| 590 | _aKA NTK | ||
| 651 | 4 | _aUnited Kingdom | |
| 690 |
_aEnergy _96237 |
||
| 690 |
_aSustainability _96271 |
||
| 856 | 4 | 0 |
_uhttps://www.defra.gov.uk/statistics/files/Release_carbon_footprint_08Mar12.pdf _zView the statistical release at www.defra.gov.uk |
| 942 | _n0 | ||
| 999 |
_c113379 _d113379 |
||